[Event "Werner-Ott-Open Kreuzberger Sommer 2014"]
[Site "Berlin"]
[Date "2014.07.09"]
[Round "5.1"]
[White "Stern, Rene"]
[Black "Von Herman, Ulf"]
[Result "1-0"]
[WhiteElo "2527"]
[BlackElo "2379"]
[PlyCount "63"]
[EventDate "2014.??.??"]
[WhiteTeam "SK König Tegel 1949 e.V."]
[BlackTeam "SK König Tegel 1949 e.V."]

1. d4 Nf6 2. c4 e6 3. Nc3 Bb4 4. Bd2 O-O 5. Nf3 d5 6. e3 b6 7. Bd3 Bb7 8. O-O
Nbd7 9. Nxd5 Nxd5 10. cxd5 Bxd2 11. dxe6 Bxf3 12. gxf3 fxe6 13. Qxd2 Qh4 14.
Qe2 e5 15. Bb5 Rad8 16. Bxd7 Rxd7 17. dxe5 Qg5+ 18. Kh1 Qxe5 19. Rad1 Rdf7 20.
Qc4 Qxb2 21. f4 c5 22. Rd7 b5 23. Qe6 Qf6 24. Qd5 Qb6 25. Rc1 c4 26. a4 bxa4
27. Rxc4 Qb1+ 28. Kg2 Qg6+ 29. Kf3 Qg1 30. h3 g6 31. Ke2 Kg7 32. Rcc7 1-0

[Event "Werner-Ott-Open Kreuzberger Sommer 2014"]
[Site "Berlin"]
[Date "2014.07.09"]
[Round "5.2"]
[White "Jahnz, Fabian"]
[Black "Richter, Michael"]
[Result "1/2-1/2"]
[WhiteElo "2270"]
[BlackElo "2491"]
[PlyCount "144"]
[EventDate "2014.??.??"]
[WhiteTeam "SK König Tegel 1949 e.V."]
[BlackTeam "SK König Tegel 1949 e.V."]

1. e4 e6 2. d4 d5 3. Nc3 Nc6 4. Nf3 Nf6 5. e5 Ne4 6. Ne2 f6 7. Ng3 Be7 8. Bd3
f5 9. c3 O-O 10. O-O Bd7 11. Ne2 Na5 12. Ne1 c5 13. g3 Nc6 14. h4 Qb6 15. Bb1
cxd4 16. cxd4 f4 17. Bxf4 Qxb2 18. Bxe4 dxe4 19. Rb1 Qxa2 20. Rxb7 Bc8 21. Rb3
Ba6 22. Re3 Qd5 23. Nc2 Bd3 24. Bg5 Bxg5 25. hxg5 Qb3 26. Na1 Qc4 27. Nb3 Rab8
28. Nd2 Qd5 29. Nf4 Rxf4 30. gxf4 Bxf1 31. Kxf1 Qxd4 32. Rxe4 Qd5 33. Qc2 Rd8
34. Nf3 a5 35. Kg2 Nb4 36. Qc7 Nc6 37. Re3 Rf8 38. Rc3 Nd4 39. Qd6 Ne2 40. Qxd5
Nxf4+ 41. Kg3 Nxd5 42. Ra3 Ra8 43. Nd4 Kf7 44. Nb3 Kg6 45. Nd4 Ra6 46. f4 Ne7
47. Kg4 a4 48. Nb3 h5+ 49. gxh6 gxh6 50. Nc5 h5+ 51. Kf3 Rc6 52. Nxa4 Ra6 53.
Ke4 h4 54. Ra2 Nf5 55. Nc3 Rxa2 56. Nxa2 Kh5 57. Kf3 Nd4+ 58. Kg2 Kg4 59. Nb4
Kxf4 60. Kh3 Nf5 61. Nc6 Ke4 62. Kg4 Kd5 63. Nd8 Kxe5 64. Nf7+ Kf6 65. Ng5 Ke7
66. Ne4 Kd7 67. Ng5 Kd6 68. Ne4+ Ke5 69. Ng5 Kd5 70. Nf3 e5 71. Kxf5 h3 72. Kg4
e4 1/2-1/2

[Event "Werner-Ott-Open Kreuzberger Sommer 2014"]
[Site "Berlin"]
[Date "2014.07.09"]
[Round "5.3"]
[White "Muse, Drazen"]
[Black "Gebigke, Martin"]
[Result "1/2-1/2"]
[WhiteElo "2407"]
[BlackElo "2152"]
[PlyCount "113"]
[EventDate "2014.??.??"]
[WhiteTeam "SK König Tegel 1949 e.V."]
[BlackTeam "SC Kreuzberg e.V."]

1. e4 c5 2. Nf3 d6 3. Nc3 Nf6 4. e5 dxe5 5. Nxe5 e6 6. a4 Be7 7. g3 Nbd7 8. Nc4
Nb6 9. Ne3 Nbd5 10. Bg2 b6 11. Ncxd5 exd5 12. O-O Rb8 13. d4 O-O 14. c3 cxd4
15. Qxd4 Bc5 16. Qf4 Be6 17. Nf5 Re8 18. b4 Bf8 19. Be3 Rc8 20. Bd4 Bxf5 21.
Qxf5 Ne4 22. Bxe4 dxe4 23. Rfd1 g6 24. Qb5 Qe7 25. a5 Qe6 26. axb6 axb6 27. Ra6
Qb3 28. Qa4 Qxa4 29. Rxa4 Red8 30. Raa1 b5 31. Kf1 Rc4 32. Bf6 Rxd1+ 33. Rxd1
Rc6 34. Be5 f6 35. Bd4 Kf7 36. Ra1 Rc7 37. Ra6 Bg7 38. Rb6 f5 39. Bc5 Bxc3 40.
Rxb5 Rd7 41. Be3 Bd4 42. Bf4 Ke6 43. Rb8 Kd5 44. Ke2 Kc4 45. b5 Ba7 46. Re8
Kxb5 47. g4 fxg4 48. Rxe4 Bc5 49. Be3 Bxe3 50. Kxe3 h5 51. Re6 Rf7 52. Rxg6
Rf3+ 53. Ke4 Rh3 54. f4 gxf3 55. Rf6 Rxh2 56. Kxf3 h4 57. Rh6 1/2-1/2

[Event "Werner-Ott-Open Kreuzberger Sommer 2014"]
[Site "Berlin"]
[Date "2014.07.09"]
[Round "5.4"]
[White "Brüdigam, Martin"]
[Black "Boetzer, Detlef"]
[Result "1-0"]
[WhiteElo "2328"]
[BlackElo "2228"]
[PlyCount "57"]
[EventDate "2014.??.??"]
[WhiteTeam "SK König Tegel 1949 e.V."]
[BlackTeam "SC Rotation Pankow e.V."]

1. d4 Nf6 2. c4 g6 3. Nc3 Bg7 4. Bg5 O-O 5. Nf3 d6 6. e3 c5 7. Be2 cxd4 8. exd4
Bf5 9. O-O Ne4 10. Nxe4 Bxe4 11. Bd3 Bxf3 12. Qxf3 Nc6 13. d5 Ne5 14. Qe2 Nxd3
15. Qxd3 Bxb2 16. Rab1 Bf6 17. Bh6 Re8 18. Rxb7 Qa5 19. Qb3 Qc5 20. Be3 Qa5 21.
Rc1 a6 22. g3 h5 23. c5 dxc5 24. d6 e6 25. Rxc5 Qe1+ 26. Kg2 Rad8 27. d7 Rf8
28. Qc2 h4 29. Rb1 1-0

[Event "Werner-Ott-Open Kreuzberger Sommer 2014"]
[Site "Berlin"]
[Date "2014.07.09"]
[Round "5.5"]
[White "Horstmann, Olaf"]
[Black "Kalinitschew, Sergey"]
[Result "0-1"]
[WhiteElo "2182"]
[BlackElo "2426"]
[PlyCount "44"]
[EventDate "2014.??.??"]
[WhiteTeam "Vereinigung der Schachsportfreun"]
[BlackTeam "SC Kreuzberg e.V."]

1. e4 e6 2. d4 c5 3. c3 d5 4. exd5 exd5 5. Nf3 Nc6 6. Be2 Nf6 7. O-O Bd6 8.
dxc5 Bxc5 9. Bg5 Be6 10. Nbd2 h6 11. Bh4 g5 12. Bg3 Ne4 13. Nb3 Bb6 14. Nfd4
O-O 15. Bd3 Qf6 16. Bc2 Rad8 17. Qd3 Rfe8 18. Rae1 Bc8 19. Kh1 Kf8 20. Re3 Qg6
21. Rfe1 f5 22. f4 gxf4 0-1

[Event "Werner-Ott-Open Kreuzberger Sommer 2014"]
[Site "Berlin"]
[Date "2014.07.09"]
[Round "5.6"]
[White "Schmidbauer, Martin"]
[Black "Major, Vitalij"]
[Result "0-1"]
[WhiteElo "2242"]
[BlackElo "2197"]
[PlyCount "124"]
[EventDate "2014.??.??"]
[WhiteTeam "SK Tempelhof 1931 e.V."]
[BlackTeam "SC Kreuzberg e.V."]

1. e4 c5 2. Nf3 d6 3. g3 Nc6 4. Bg2 g6 5. O-O Bg7 6. c3 e5 7. d3 Nge7 8. a3 O-O
9. b4 b6 10. Nbd2 h6 11. Nb3 a6 12. Bb2 Be6 13. d4 exd4 14. cxd4 Bc4 15. Re1
cxb4 16. axb4 Nxb4 17. Ba3 Nbc6 18. Nfd2 Bb5 19. e5 dxe5 20. dxe5 Ra7 21. Bd6
Re8 22. Rc1 Qd7 23. f4 Nf5 24. Ne4 a5 25. g4 Nh4 26. Bh1 g5 27. Nc3 Bc4 28. Nd2
b5 29. Nxc4 bxc4 30. Nb5 gxf4 31. Bc5 Nxe5 32. Nxa7 Nd3 33. Rxe8+ Qxe8 34. Bc6
Qe6 35. Rc2 Nxc5 36. Qd8+ Kh7 37. Qxh4 Bd4+ 38. Kf1 Nd3 39. g5 Bxa7 40. Bf3 Qe3
41. Bg4 Qg1+ 42. Ke2 Qg2+ 43. Kd1 Qf1+ 44. Kd2 Be3+ 45. Kc3 Qa1+ 46. Kxc4 Qd4+
47. Kb5 Qb4+ 48. Kc6 Qa4+ 49. Kd6 Qxc2 50. g6+ Kxg6 51. Bf5+ Kg7 52. Qg4+ Kf8
53. Qh3 Qc5+ 54. Kd7 Ne5+ 55. Kd8 Qb6+ 56. Kc8 Qa6+ 57. Kc7 Bb6+ 58. Kd6 Bd4+
59. Kc7 Qc6+ 60. Kb8 Qb6+ 61. Kc8 Qc6+ 62. Kb8 Nc4 0-1

[Event "Werner-Ott-Open Kreuzberger Sommer 2014"]
[Site "Berlin"]
[Date "2014.07.09"]
[Round "5.7"]
[White "Kohler, Thomas"]
[Black "Johansson, Thomas"]
[Result "0-1"]
[WhiteElo "2239"]
[BlackElo "2193"]
[PlyCount "82"]
[EventDate "2014.??.??"]
[WhiteTeam "SC Zitadelle Spandau 1977 e.V."]
[BlackTeam "Uppsala ASS"]

1. Nf3 d5 2. c4 d4 3. g3 Nc6 4. Bg2 e5 5. d3 Nf6 6. O-O a5 7. Na3 Be7 8. Nc2
O-O 9. b3 Nd7 10. e3 Nc5 11. exd4 exd4 12. Bb2 Bf5 13. Ncxd4 Nxd4 14. Bxd4 Nxd3
15. Qd2 Ra6 16. Rad1 Bb4 17. Qg5 Qxg5 18. Nxg5 Rd6 19. Be3 c6 20. Be4 Bxe4 21.
Nxe4 Rd7 22. Bb6 Re8 23. f3 Ree7 24. Nf2 Bc5 25. Bxc5 Nxc5 26. Rfe1 Kf8 27. Kf1
Rxe1+ 28. Kxe1 Ke7 29. Rxd7+ Kxd7 30. Kd2 Kd6 31. Ke3 b5 32. cxb5 cxb5 33. Nd1
Ne6 34. Nb2 Kc5 35. Nd3+ Kd5 36. Nb2 f5 37. h4 Ke5 38. Nd3+ Kd5 39. Nf4+ Nxf4
40. Kxf4 Kd4 41. Kxf5 Kc3 0-1

[Event "Werner-Ott-Open Kreuzberger Sommer 2014"]
[Site "Berlin"]
[Date "2014.07.09"]
[Round "5.8"]
[White "Simon, Ralf-Axel"]
[Black "Bub, Volker"]
[Result "1-0"]
[WhiteElo "2230"]
[BlackElo "2094"]
[PlyCount "79"]
[EventDate "2014.??.??"]
[WhiteTeam "TSG Neuruppin"]
[BlackTeam "SC Tornado 86 Hochneukirch"]

1. Nf3 g6 2. e4 Bg7 3. d4 d6 4. c3 Nf6 5. Bd3 O-O 6. O-O Nc6 7. d5 Nb8 8. c4 c6
9. Nc3 Nbd7 10. Bd2 Ne5 11. Nxe5 dxe5 12. Qb3 Nd7 13. Be3 f5 14. exf5 gxf5 15.
f3 Qe8 16. Qc2 Qh5 17. Rae1 f4 18. g4 fxg3 19. hxg3 Nf6 {(=)} 20. Qh2 Bd7 21.
g4 Qxh2+ 22. Kxh2 b6 23. dxc6 Bxc6 24. Bf5 Rfd8 25. Be6+ Kh8 26. Kg3 Rd6 27.
Bf5 e6 28. Bc2 Rc8 29. Rd1 Ne8 30. b3 Rxd1 31. Rxd1 b5 32. cxb5 Bd5 33. Nxd5
exd5 34. Rxd5 Nf6 35. Rc5 Rb8 36. a4 Bf8 37. Rc6 Nd5 38. Bxa7 Rb7 39. Rc8 Kg7
40. Bb8 1-0

[Event "Werner-Ott-Open Kreuzberger Sommer 2014"]
[Site "Berlin"]
[Date "2014.07.09"]
[Round "5.10"]
[White "Badestein, Hartmut"]
[Black "Gaerths, Ronny"]
[Result "0-1"]
[WhiteElo "2077"]
[BlackElo "2204"]
[PlyCount "58"]
[EventDate "2014.??.??"]
[WhiteTeam "SC Friesen Lichtenberg e.V."]
[BlackTeam "ohne Verein"]

1. e4 e6 2. d4 d5 3. e5 c5 4. c3 Bd7 5. Nf3 Nc6 6. Bd3 Rc8 7. dxc5 Bxc5 8. O-O
Nge7 9. Bf4 Ng6 10. Bg3 O-O 11. Nbd2 f5 12. exf6 Qxf6 13. Bxg6 Qxg6 14. b4 Bb6
15. c4 Nxb4 16. Bd6 Nd3 17. Bxf8 Rxf8 18. Rc1 Nxc1 19. Qxc1 Qf6 20. Re1 Rc8 21.
Qa3 dxc4 22. Ne4 Qf8 23. Qc3 Bc6 24. Qxc4 Bd5 25. Qe2 h6 26. h3 Qf4 27. Qd3 Rc1
28. Rxc1 Qxc1+ 29. Kh2 Qf4+ 0-1

[Event "Werner-Ott-Open Kreuzberger Sommer 2014"]
[Site "Berlin"]
[Date "2014.07.09"]
[Round "5.11"]
[White "Niehaus, Frank"]
[Black "Schulz, Hartmut"]
[Result "1-0"]
[WhiteElo "2200"]
[BlackElo "2067"]
[PlyCount "65"]
[EventDate "2014.??.??"]
[WhiteTeam "SK König Tegel 1949 e.V."]
[BlackTeam "SC Rotation Pankow e.V."]

1. e4 c6 2. d4 d5 3. exd5 cxd5 4. c4 Nf6 5. Nc3 Nc6 6. Nf3 Bg4 7. cxd5 Nxd5 8.
Qb3 Bxf3 9. gxf3 Nb6 10. d5 Nd4 11. Bb5+ Nxb5 12. Nxb5 a6 13. Nc3 Qc7 14. Be3
Nc4 15. Qa4+ Kd8 16. O-O Nxe3 17. fxe3 Qb6 18. Qe4 h5 19. Kh1 Rh6 20. b4 Rd6
21. Na4 Qb5 22. Nc5 Rb8 23. a4 Qe2 24. Rac1 Qa2 25. Rfd1 g6 26. Rc2 Qa3 27. Qc4
e5 28. Nb3 Rd7 29. d6 Bxd6 30. Rxd6 Rxd6 31. Qc7+ Ke8 32. Qxb8+ Ke7 33. Qc7+
1-0

[Event "Werner-Ott-Open Kreuzberger Sommer 2014"]
[Site "Berlin"]
[Date "2014.07.09"]
[Round "5.12"]
[White "Lerch, Philipp"]
[Black "Kather, Yannick"]
[Result "1-0"]
[WhiteElo "2197"]
[BlackElo "2009"]
[PlyCount "67"]
[EventDate "2014.??.??"]
[WhiteTeam "SK König Tegel 1949 e.V."]
[BlackTeam "SC Weisse Dame e.V."]

1. c4 Nf6 2. g3 g6 3. Bg2 c5 4. Nc3 Bg7 5. Nf3 Nc6 6. d4 cxd4 7. Nxd4 O-O 8.
O-O Nxd4 9. Qxd4 d6 10. Qd3 a6 11. Be3 Bf5 12. Qd2 Qd7 13. Rfd1 Qc7 14. Rac1
Rac8 15. c5 dxc5 16. Nd5 Nxd5 17. Rxc5 Qxc5 18. Bxc5 Rxc5 19. Bxd5 Rc2 20. Qb4
e6 21. Bb3 Rxe2 22. Qxb7 a5 23. Qa6 Re5 24. Bc4 Bg4 25. Rd2 Bf3 26. Be2 Ra8 27.
Qd3 Bc6 28. Qc2 Bd5 29. Qd1 Bxa2 30. b3 Rd5 31. Rxd5 exd5 32. Qc2 Bxb3 33. Qxb3
a4 34. Qxd5 1-0

[Event "Werner-Ott-Open Kreuzberger Sommer 2014"]
[Site "Berlin"]
[Date "2014.07.09"]
[Round "5.13"]
[White "Burger, Heinrich"]
[Black "Baumert, Christian"]
[Result "1-0"]
[WhiteElo "2101"]
[BlackElo "2137"]
[PlyCount "98"]
[EventDate "2014.??.??"]
[WhiteTeam "VfB Hermsdorf e.V."]
[BlackTeam "SG Lasker Steglitz-Wilmersdorf"]

1. d4 Nf6 2. c4 e6 3. g3 Bb4+ 4. Bd2 Qe7 5. Nf3 O-O 6. Bg2 Bxd2+ 7. Qxd2 Ne4 8.
Qc2 Qb4+ 9. Nbd2 Nxd2 10. Nxd2 Nc6 11. e3 Qe7 12. O-O d6 13. a3 e5 14. d5 Nd8
15. Rae1 f5 16. f4 e4 17. b4 c6 18. Nb3 cxd5 19. cxd5 Bd7 20. Nd4 Rc8 21. Qb3
Nf7 22. Rc1 Nh6 23. h3 Kh8 24. Qb2 Ng8 25. Rxc8 Rxc8 26. Rc1 Qe8 27. Bf1 Nf6
28. Bc4 h6 29. Bb3 Kh7 30. Kh2 Kg6 31. Rc2 Qd8 32. Qc1 Rxc2+ 33. Qxc2 Qb6 34.
Kg2 a5 35. Qc3 axb4 36. axb4 Qa7 37. Kf2 Qa3 38. Qd2 Ne8 39. Bc4 Qa1 40. Kg2
Nc7 41. Ne6 Bb5 42. Bxb5 Nxb5 43. g4 fxg4 44. hxg4 Qc3 45. Qe2 Qxb4 46. f5+ Kf6
47. Qf2 Nc3 48. Qh4+ Kf7 49. Qd8 Qb2+ 1-0

[Event "Werner-Ott-Open Kreuzberger Sommer 2014"]
[Site "Berlin"]
[Date "2014.07.09"]
[Round "5.14"]
[White "Meister, Jakob"]
[Black "Kunz, Andre"]
[Result "1-0"]
[WhiteElo "2478"]
[BlackElo "2029"]
[PlyCount "97"]
[EventDate "2014.??.??"]
[WhiteTeam "SK Zehlendorf e.V."]
[BlackTeam "BSV 63 Chemie Weißensee"]

1. e4 c6 2. d4 d5 3. exd5 cxd5 4. Bf4 Nc6 5. c3 Bf5 6. Qb3 Qd7 7. Nf3 a6 8.
Nbd2 e6 9. Be2 Be7 10. O-O Nf6 11. Rfe1 O-O 12. a4 Nh5 13. Be3 Bg6 14. Ne5 Qc7
15. Nxg6 hxg6 16. Qd1 Nf4 17. Bf1 Rab8 18. Qg4 Bd6 19. g3 Nh5 20. Nf3 Na5 21.
Bd3 b5 22. Ng5 Nf6 23. Qh3 Nc4 24. Bc1 e5 25. dxe5 Nxe5 26. Be2 Nc4 27. axb5
axb5 28. Bf3 b4 29. Rd1 bxc3 30. bxc3 Be5 31. Bxd5 Bxc3 32. Bf4 Ne5 33. Ra6 Rb6
34. Bxf7+ Rxf7 35. Rxb6 Qxb6 36. Qc8+ Rf8 37. Qxc3 Neg4 38. Qc4+ Kh8 39. Qe2
Qc5 40. h3 Nh6 41. Bd6 Qxg5 42. Bxf8 Nf5 43. Bd6 Nh5 44. Bc7 Kh7 45. Qe5 Nf6
46. Bd8 Qh5 47. Rd3 Qxh3 48. Bxf6 Nh6 49. Qc7 1-0

[Event "Werner-Ott-Open Kreuzberger Sommer 2014"]
[Site "Berlin"]
[Date "2014.07.09"]
[Round "5.16"]
[White "Kaiser, Elmar"]
[Black "Moos, Gerd A. Ferdinand"]
[Result "1-0"]
[WhiteElo "2163"]
[BlackElo "1956"]
[PlyCount "87"]
[EventDate "2014.??.??"]
[WhiteTeam "SK Tauberbischofsheim"]
[BlackTeam "Vereinigung der Schachsportfreun"]

1. Nf3 d5 2. d4 e6 3. c4 c6 4. e3 Bd6 5. b3 f5 6. Bd3 Nf6 7. O-O Qe7 8. Bb2 O-O
9. Qc1 Nbd7 10. cxd5 Nxd5 11. Nbd2 N5b6 12. Qc2 g5 13. e4 f4 14. d5 e5 15. dxc6
bxc6 16. Nc4 Nxc4 17. Bxc4+ Kh8 18. Rfd1 Bc7 19. Qc3 h6 20. Rxd7 Bxd7 21. Nxe5
Bxe5 22. Qxe5+ Qxe5 23. Bxe5+ Kh7 24. Rd1 Be8 25. f3 Bf7 26. Rd7 Kg8 27. Bd6
Bxc4 28. Bxf8 Bxb3 29. Bxh6 Bxa2 30. Bxg5 c5 31. Bxf4 a5 32. Rc7 c4 33. h4 a4
34. h5 Rf8 35. Be5 Rf7 36. Rc8+ Rf8 37. Rc7 Rf7 38. Rc8+ Rf8 39. Rxf8+ Kxf8 40.
Kf2 Kf7 41. g4 Bb3 42. g5 a3 43. g6+ Ke6 44. Bc3 1-0

[Event "Werner-Ott-Open Kreuzberger Sommer 2014"]
[Site "Berlin"]
[Date "2014.07.09"]
[Round "5.17"]
[White "Shapiro, Yosip"]
[Black "Heerde, Thomas"]
[Result "0-1"]
[WhiteElo "2104"]
[BlackElo "2005"]
[PlyCount "66"]
[EventDate "2014.??.??"]
[WhiteTeam "SV Berolina Mitte e.V."]
[BlackTeam "SC Weisse Dame e.V."]

1. Nf3 Nf6 2. c4 c5 3. g3 g6 4. Bg2 Bg7 5. O-O O-O 6. Nc3 Nc6 7. d4 cxd4 8.
Nxd4 a6 9. e3 Rb8 10. b3 Nxd4 11. exd4 b5 12. Bf4 d6 13. Rc1 bxc4 14. bxc4 Bg4
15. Qd2 Re8 16. h3 Bf5 17. g4 Bd7 18. Rfe1 Qa5 19. c5 Qa3 20. Nb1 Qb2 21. Rc2
Qb4 22. d5 Ba4 23. Rc3 Rb5 24. a3 Qa5 25. Rc4 Rxc5 26. Qxa5 Rxa5 27. g5 Nh5 28.
Bd2 Bb3 29. Rc7 Rb5 30. Rexe7 Rxe7 31. Rxe7 Kf8 32. Rd7 Ba4 33. Nc3 Bxc3 0-1

[Event "Werner-Ott-Open Kreuzberger Sommer 2014"]
[Site "Berlin"]
[Date "2014.07.09"]
[Round "5.18"]
[White "Schulz, Olaf"]
[Black "Hahlbohm, Matthias"]
[Result "1/2-1/2"]
[WhiteElo "1987"]
[BlackElo "2102"]
[PlyCount "82"]
[EventDate "2014.??.??"]
[WhiteTeam "SC Rotation Pankow e.V."]
[BlackTeam "TSG Oberschöneweide e.V."]

1. d4 d5 2. c4 e6 3. Nc3 f5 4. Nh3 c6 5. cxd5 exd5 6. g3 Nf6 7. Bg2 Bd6 8. Bg5
O-O 9. Qb3 Kh8 10. O-O Nbd7 11. Rac1 Qe8 12. Qc2 Ne4 13. Nxe4 fxe4 14. f3 h6
15. Bf4 Bxf4 16. Nxf4 g5 17. Nh3 Nf6 18. Nf2 Bf5 19. fxe4 dxe4 20. e3 Qe6 21.
Qc5 Rf7 22. Nd1 Nd5 23. Rc2 a6 24. Rcf2 Raf8 25. a3 Kg7 26. Qc2 Bg6 27. Rxf7+
Rxf7 28. Rxf7+ Kxf7 29. Nc3 Nxe3 30. Qf2+ Nf5 31. Nxe4 Kg7 32. Nc5 Qe7 33. Bh3
Nd6 34. Ne6+ Kg8 35. Nc5 Kg7 36. b4 Bf7 37. Bg2 Bd5 38. Bxd5 cxd5 39. Kg2 Nb5
40. Qf3 Nxa3 41. Qf5 Qe2+ 1/2-1/2

[Event "Werner-Ott-Open Kreuzberger Sommer 2014"]
[Site "Berlin"]
[Date "2014.07.09"]
[Round "5.19"]
[White "Krefenstein, Sergej"]
[Black "Wierzbicki, Jirawat"]
[Result "0-1"]
[WhiteElo "2088"]
[BlackElo "1804"]
[PlyCount "162"]
[EventDate "2014.??.??"]
[WhiteTeam "TuS Makkabi Berlin e.V."]
[BlackTeam "SK König Tegel 1949 e.V."]

1. e4 e5 2. Nf3 Nc6 3. Bb5 a6 4. Ba4 Nf6 5. O-O Be7 6. Re1 b5 7. Bb3 d6 8. c3
O-O 9. h3 Na5 10. Bc2 c5 11. d4 Nc6 12. Nbd2 exd4 13. cxd4 Nd7 14. d5 Nce5 15.
Nxe5 Nxe5 16. f4 Ng6 17. Nf3 Bh4 18. Nxh4 Qxh4 19. f5 Ne5 20. Rf1 Qe7 21. Bf4
f6 22. Kh2 Bd7 23. Qd2 Rfc8 24. Rf2 a5 25. g4 h6 26. Rg1 Kf7 27. Bd1 Rh8 28.
Rg3 Ke8 29. Kg1 Kd8 30. Be2 Kc7 31. Qc1 Kb7 32. Rb3 b4 33. Bf1 Rhc8 34. a3 Ba4
35. Rg3 Bd7 36. Qc2 Re8 37. Qb3 Nf7 38. Bg2 Ne5 39. Rc2 Bb5 40. Bd2 Qd7 41. Rc1
Ba4 42. Qe3 Bb5 43. Qb3 Ba4 44. Qa2 Bb5 45. Qb1 Rac8 46. Kh2 Qe7 47. Rg1 Qd7 {
(=)} 48. b3 Ra8 49. Qc2 Rac8 50. Ra1 Ra8 51. Kg1 Qe7 52. h4 Nf7 53. Bf4 Rg8 54.
Qd2 Rh8 55. Kf2 Ne5 56. Re1 Rae8 57. Kg1 Rd8 58. g5 hxg5 59. hxg5 Rdg8 60. Ra1
Ra8 61. Kf2 Rh4 62. Kg1 Rhh8 63. Bf1 Bxf1 64. Rxf1 Kb6 65. Be3 Kb7 66. Qe2 Kb6
67. a4 Qd7 68. Rf2 Rh7 69. Rfg2 Rah8 70. Bf4 Rh1+ 71. Kf2 R1h2 72. Bxe5 fxe5
73. Ke3 R2h3 74. Kd2 Rh1 75. f6 gxf6 76. gxf6 Ra1 77. Ke3 Rhh1 78. Rg7 Qh3+ 79.
Qf3 Rae1+ 80. Re2 Qh6+ 81. Kd3 Rd1+ 0-1

[Event "Werner-Ott-Open Kreuzberger Sommer 2014"]
[Site "Berlin"]
[Date "2014.07.09"]
[Round "5.20"]
[White "Jaeger, Andre"]
[Black "Niechotz, Christopher"]
[Result "1/2-1/2"]
[WhiteElo "1991"]
[BlackElo "2070"]
[PlyCount "42"]
[EventDate "2014.??.??"]
[WhiteTeam "SC Rochade e.V."]
[BlackTeam "SC Kreuzberg e.V."]

1. d4 Nf6 2. c4 g6 3. g3 c6 4. Bg2 d5 5. cxd5 cxd5 6. Nc3 Bg7 7. Nf3 Ne4 8. Qb3
Nxc3 9. bxc3 Nc6 10. Nd2 e6 11. Ba3 Qb6 12. O-O Qxb3 13. axb3 b6 14. e4 Ba6 15.
Rfe1 O-O-O 16. exd5 exd5 17. Be7 Rd7 18. Bg5 Bb7 19. Nf3 f6 20. Be3 Kd8 21. Bh3
Re7 1/2-1/2

[Event "Werner-Ott-Open Kreuzberger Sommer 2014"]
[Site "Berlin"]
[Date "2014.07.09"]
[Round "5.21"]
[White "Sechting, Martin"]
[Black "Bergmann, Jens"]
[Result "1-0"]
[WhiteElo "2054"]
[BlackElo "1908"]
[PlyCount "101"]
[EventDate "2014.??.??"]
[WhiteTeam "SC Weisse Dame e.V."]
[BlackTeam "SK Tempelhof 1931 e.V."]

1. d4 Nf6 2. Nc3 d5 3. Bg5 c6 4. Bxf6 exf6 5. e4 Be7 6. exd5 cxd5 7. Bd3 Nc6 8.
Nce2 Qb6 9. Rb1 Nb4 10. c3 Nxd3+ 11. Qxd3 g6 12. Ng3 h5 13. h4 Bd7 14. N1e2 Bd6
15. Qe3+ Kf8 16. Qf3 Kg7 17. O-O Rae8 18. Nf4 Bg4 19. Nxd5 Bxf3 20. Nxb6 Bxg3
21. gxf3 Bxh4 22. Nc4 Bg5 23. a4 Bf4 24. d5 g5 25. Rfe1 Rd8 26. Rbd1 Rd7 27.
Ne3 Rc8 28. Nf5+ Kf8 29. Re4 Be5 30. Rd2 h4 31. Kg2 Rc5 32. c4 a5 {(=)} 33. b3
Ke8 34. Rde2 Kd8 35. f4 Bxf4 36. Nxh4 Kc7 37. Nf5 Be5 38. Re1 Kb6 39. Rh1 Rc8
40. Rh6 Kc5 41. Re3 Kb4 42. Rd3 Kc5 43. d6 Kb4 44. Ne7 Rcd8 45. Nd5+ Ka3 46. c5
Bxd6 47. b4+ Kb2 48. Nb6 Bf8 49. Rxd7 Rxd7 50. Nxd7 Bxh6 51. b5 1-0

[Event "Werner-Ott-Open Kreuzberger Sommer 2014"]
[Site "Berlin"]
[Date "2014.07.09"]
[Round "5.22"]
[White "Woinowski, Michael"]
[Black "Kievelitz, Bernd"]
[Result "1/2-1/2"]
[WhiteElo "1709"]
[BlackElo "2046"]
[PlyCount "57"]
[EventDate "2014.??.??"]
[WhiteTeam "SC Kreuzberg e.V."]
[BlackTeam "SC Zitadelle Spandau 1977 e.V."]

1. e4 c5 2. Nf3 e6 3. d4 cxd4 4. Nxd4 a6 5. Bd3 Qc7 6. O-O Nf6 7. Qe2 d6 8. Be3
Nbd7 9. f4 Be7 10. Nb3 b6 11. c4 Bb7 12. Nc3 O-O 13. Qf3 Nc5 14. Nxc5 bxc5 15.
Qh3 g6 16. f5 exf5 17. exf5 Qd7 18. Rad1 Rfd8 19. Bc2 d5 20. Ba4 Qc8 21. cxd5
Nxd5 22. Nxd5 Bxd5 23. Qg3 Qb7 24. fxg6 hxg6 25. Bc2 Bd6 26. Qg5 Be7 27. Qg3
Bf8 28. Bg5 Be7 29. Bxe7 1/2-1/2

[Event "Werner-Ott-Open Kreuzberger Sommer 2014"]
[Site "Berlin"]
[Date "2014.07.09"]
[Round "5.23"]
[White "Sidabras, Jonas"]
[Black "Hoffmann, Rainer"]
[Result "1-0"]
[WhiteElo "1707"]
[BlackElo "2110"]
[PlyCount "141"]
[EventDate "2014.??.??"]
[WhiteTeam "SC Kreuzberg e.V."]
[BlackTeam "BSC Rehberge 1945 e.V."]

1. d4 Nf6 2. Nf3 g6 3. Bf4 Bg7 4. e3 O-O 5. h3 c5 6. c3 b6 7. Be2 Bb7 8. O-O d6
9. a4 Nbd7 10. Nbd2 cxd4 11. exd4 Nd5 12. Bh2 Bh6 13. Ne1 Rb8 14. Nd3 Re8 15.
Nf3 Qc7 16. Qb3 Rbc8 17. Nb4 Nxb4 18. Qxb4 a5 19. Qb3 Nf6 20. Bb5 Red8 21. Qd1
Nd5 22. Re1 Nf4 23. Bg3 e5 24. Bh4 Rf8 25. dxe5 dxe5 26. Rf1 f6 27. Qb3+ Kg7
28. Rfd1 Rf7 29. Qxf7+ Qxf7 30. Rd7 Qxd7 31. Bxd7 Rc7 32. Rd1 Bd5 33. Bb5 Nxh3+
34. gxh3 Bxf3 35. Rd6 g5 36. Bg3 g4 37. hxg4 Rb7 38. Bh4 Bg5 39. Bxg5 fxg5 40.
Bc6 Bxc6 41. Rxc6 b5 42. Rc5 bxa4 43. Rxe5 Rxb2 44. Rxg5+ Kf6 45. Rxa5 Rc2 46.
Rxa4 Rxc3 47. Kg2 Kg5 48. f3 Rb3 49. Ra5+ Kg6 50. Kg3 Rc3 51. Kf4 Rb3 52. Ra6+
Kg7 53. g5 Rb4+ 54. Kf5 Rb5+ 55. Kg4 Rc5 56. f4 Rb5 57. Ra7+ Kg8 58. Kh5 Rb1
59. Ra8+ Kg7 60. Ra7+ Kg8 61. f5 Rh1+ 62. Kg4 Rg1+ 63. Kf4 Rg2 64. Rb7 Rg1 65.
Ra7 Rg2 66. f6 Rf2+ 67. Ke5 Re2+ 68. Kd6 Rd2+ 69. Ke7 Re2+ 70. Kd8 Rd2+ 71. Ke8
1-0

[Event "Werner-Ott-Open Kreuzberger Sommer 2014"]
[Site "Berlin"]
[Date "2014.07.09"]
[Round "5.24"]
[White "Richter, Götz"]
[Black "Strowig, Justin"]
[Result "1/2-1/2"]
[WhiteElo "2032"]
[BlackElo "1857"]
[PlyCount "150"]
[EventDate "2014.??.??"]
[WhiteTeam "Klub Kölner Schachfreunde e.V. 1"]
[BlackTeam "SG Grün-Weiß Baumschulenweg e.V."]

1. e4 c6 2. d4 d5 3. Nd2 dxe4 4. Nxe4 Nf6 5. Nxf6+ exf6 6. c3 Bd6 7. Bd3 Be6 8.
Qc2 Nd7 9. Ne2 Qc7 10. f4 g6 11. Bd2 f5 12. c4 Be7 13. O-O-O Nf6 14. Be3 O-O
15. Nc3 a6 16. h3 b5 17. d5 cxd5 18. Nxd5 Bxd5 19. cxd5 Nxd5 20. Qxc7 Nxc7 21.
Be2 Bf6 22. Bf3 Rac8 23. Kb1 Ne6 24. Bb7 Rc4 25. Bxa6 Nxf4 26. g3 Ne2 27. a3
Nxg3 28. Rh2 f4 29. Bxb5 Re4 30. Bc5 Rc8 31. Rc2 f3 32. b4 Ne2 33. Bd7 Ra8 34.
Rd3 Rf4 35. Bc6 f2 36. Bxf2 Rxf2 37. Bxa8 Rf1+ 38. Ka2 Nc1+ 39. Rxc1 Rxc1 40.
b5 Kf8 41. Bc6 Be7 42. Kb2 Re1 43. Kb3 Bc5 44. Rd8+ Kg7 45. a4 Rb1+ 46. Ka2 Rb4
47. Ra8 Bb6 48. Ka3 Bc5 49. Ka2 Bb6 50. Ra6 Bd8 51. Ra8 Bb6 52. Bd5 f5 53. Ra6
Bd8 54. Ra7+ Kf6 55. Ka3 Rd4 56. Bc6 f4 57. a5 f3 58. b6 f2 59. Bg2 Rd1 60.
Rxh7 Ra1+ 61. Kb4 Rb1+ 62. Ka4 Bxb6 63. axb6 Rxb6 64. Rh8 Kg7 65. Rh4 g5 66.
Rg4 Kh6 67. h4 Kh5 68. Rxg5+ Kxh4 69. Rf5 Kg3 70. Bf1 Rb1 71. Bb5 Kg2 72. Bc6+
Kg3 73. Rf3+ Kg2 74. Rb3+ Kg1 75. Rg3+ Kf1 1/2-1/2